000 01013nam a2200253Ia 4500
003 OSt
005 20220923211144.0
006 a|||||r|||| 00| 0
007 ta
008 220922b |||||||| |||| 00| 0 hin d
020 _a8186684007 (hbk)
_c250
024 _a245,650
037 _b372, 11/02/2011, Swaraj Prakashan
_cTextual
040 _aARTS
_cARTS
_bhin
041 _2hin
_ahin
082 _a4,10aY:1, 152P2
100 _aशिलर, हरबर्ट आई.; आर. के. सिंह, अनु.
_9158825
245 0 _aसंचार माध्यम और सांस्कृतिक वर्चस्व
246 _aSanchār mādhyam aur sāanskṛutik varchasva
260 _aदिल्ली
_b ग्रंथ शिल्पी
_c2002
300 _a126पृ.
_ccm.
942 _h4,10aY:1, 152P2
_cTEXL
_2CC
999 _c296034
_d296034